Waluty Azji - Statystyki

Ogólne statystyki
  • Ten quiz został rozwiązany 8 razy
    7 od ostatniego zresetowania
  • Średni wynik to 53 z 104
Statystyki odpowiedzi
Hint Odpowiedź % Poprawnych
Brunei | Singapur | Tajwan | Timor Wschodni dolar
100%
Wietnam dong
100%
Liban | Syria funt
100%
Chiny juan
100%
Indie | Indonezja | Malediwy | +3 others rupia
100%
Izrael szekel
100%
Afganistan afgani
83%
Bahrajn | Irak | Iran | +2 others dinar
83%
Cypr euro
83%
Japonia jen
83%
Turcja lira
83%
Arabia Saudyjska | Iran | Jemen | +2 others rial
83%
Korea Południowa | Korea Północna won
83%
Tajlandia baht
67%
Filipiny peso
67%
Brunei | Singapur | Sri Lanka | +2 others cent
50%
Katar | Zjednoczone EmiratyArabskie dirham
50%
Cypr eurocent
50%
Mjanma kiat / kyat
50%
Gruzja | Malediwy lari
50%
Azerbejdżan | Turkmenistan manat
50%
Kirgistan som
50%
Mongolia tugrik
50%
Izrael agorot
33%
Laos at
33%
Oman baiza
33%
Filipiny centavos
33%
Korea Południowa | Korea Północna chon
33%
Bhutan czetrum
33%
Bahrajn | Irak | Jemen | +3 others fils
33%
Wietnam hao
33%
Chiny jiao
33%
Korea Południowa | Korea Północna jun
33%
Azerbejdżan kapik
33%
Laos kip
33%
Turcja kurusz
33%
Armenia lum
33%
Bhutan ngultrum
33%
Bangladesz | Indie | Nepal | Pakistan pajsa
33%
Mjanma pia
33%
Liban | Syria piastr
33%
Kambodża riel
33%
Indonezja | Japonia | Kambodża | Malezja sen
33%
Uzbekistan sum
33%
Kazachstan | Turkmenistan tenge
33%
Gruzja tetri
33%
Wietnam xu
33%
Tadżykistan dirhem
17%
Armenia dram
17%
Chiny fen
17%
Azerbejdżan gopik
17%
Arabia Saudyjska halala
17%
Korea Południowa | Korea Północna jeon
17%
Arabia Saudyjska kirsz
17%
Mongolia mongo
17%
Afganistan pul
17%
Malezja ringgit
17%
Tajlandia satang
17%
Tadżykistan somoni
17%
Bangladesz taka
17%
Kazachstan | Kirgistan | Uzbekistan tyiyn
17%
Nie znaleziono quizów pasujących do podanych kryteriów
Rozkład punktacji
Procent ludzi z każdym wynikiem
Percentyl według liczby udzielonych odpowiedzi
Twoja historia wyników
Nie rozwiązałeś tego quizu od ostatniego zresetowania